Pápeži spojení s výstavbou dómu nevydarení a ešte nevydarenejší svätí otcovia

Bibliographic Details
Main Author: Duchoň, Jozef (Author)
Format: Article
Language:Slovak
Subjects:

MARC

LEADER 00000nab a2200000 a 4500
001 vtls008629531
003 SK-MaSNL
005 20260303044501.0
008 060308 2006 xo r r 000 0 slo
038 |a KEVKJB 
040 |a KEVKJB  |b slo  |c KEVKJB  |e AACR2 
041 0 |a slo 
044 |a xo  |c SK 
080 |a 726.54  |2 2001 
100 1 |a Duchoň, Jozef  |4 aut  |9 317656 
245 1 0 |a Pápeži spojení s výstavbou dómu  |b nevydarení a ešte nevydarenejší svätí otcovia  |c Jozef Duchoň 
300 |b Obr. 
610 2 7 |a Dóm sv. Alžbety (Košice, Slovensko)  |2 kevkjb  |9 34070 
650 0 7 |a pápeži  |2 kevkjb  |9 1971 
651 7 |a Košice (Slovensko)  |2 kevkjb  |9 18694 
773 0 |t Košický večer  |g Roč. 17(38), č. 9 (3.3.2006), s. 11  |x 1336-5320 
852 |a KEVKJB  |b KIS3GCP 
999 |c 1700521  |d 1702451